Estatísticas para Ilhas Marshall

Clique aqui para jogar o quiz

Estatísticas Gerais

  • Esse quiz foi jogado 7 vezes
  • A pontuação média é 4 de 13

Estatísticas das Respostas

HintResposta% Correto
De que país é independente?Estados Unidos
100%
Onde fica?Oceania
100%
Quantas línguas oficiais tem?2
83%
Qual é a sua religião?Cristianismo
83%
Qual é a sua principal atividade económica?Agricultura
33%
Qual é o seu tipo de clima?Equatorial
17%
Qual é a sua capital?Majuro
17%
Qual das ilhas que faz parte do país não é povoada?Bikini
0%
Qual é a sua moeda?Dólar americano
0%
Como se chama o evento mais significativo em cada família da ilha?Kemem
0%
Como se chama a base de teste de mísseis dos Estados Unidos?Kwajalein
0%
Qual é o desporto aquático mais praticado?Snorkeling
0%
Qual é o seu prato típico?Sopa de ostras
0%

Distribuição das Pontuações

Percentil de Números Respondidos

Porcentagem de Pessoas com Cada Pontuação

Sua Pontuação Histórica

Você não jogou esse quiz